| 000 | 01364nam a2200325 c 4500 | ||
|---|---|---|---|
| 003 | BLK | ||
| 005 | 20230808103654.0 | ||
| 008 | 180411b bul|||||r ||||||| ||bul|| | ||
| 010 | _aKNG00182084000 | ||
| 040 | _aBLK | ||
| 041 |
_aBUL _cBUL |
||
| 080 |
_aАмериканска литература (на САЩ) _b821.111(73) _x-3 _z821.111(73)-3 |
||
| 100 | 1 |
_aУайт, Джеймс _eпърви автор _9311067 |
|
| 700 | 1 |
_aСлавчев, Светослав _eс предг. от _9370044 |
|
| 700 | 1 |
_aЧушкова, Виолета Любенова _d1945- _eпрев. от англ. _9142440 |
|
| 139 |
_aУайт, Джеймс _bУ 14 |
||
| 245 | 1 | 0 |
_aГалактическа болница _bРоман _cДжеймс Уайт; с предг. от Светослав Славчев; прев. от англ. Виолета Чушкова. |
| 257 | _aGBR | ||
| 260 |
_аВарна _bГеорги Бакалов _c1984 _fСофия : Балкан |
||
| 300 |
_a310 с. _c17 см |
||
| 380 | _aX | ||
| 490 | 1 |
_aБиблиотека Галактика _v56 |
|
| 500 | _aОриг. загл. Hospital station / James White. - 50 107 тир. | ||
| 852 | _aЦб І 21320 | ||
| 856 | 4 |
_qpdf _u |
|
| 856 | 4 |
_qpdf _u |
|
| 942 |
_cKNG _n0 |
||
| 944 |
_aCR _c17.09.2015 _k30556 _lТеодора Пейчева-Дянкова |
||
| 944 |
_aED _c21.09.2017 _kКети_Илиева |
||
| 999 |
_c173669 _d173669 |
||